000
00343nam a2200133Ia 4500
008
190415s9999 xx 000 0 und d
082
_a
TS.1055
100
_a
Sharma, Manoj Kumar
245
0
_a
Asprastya ka swaroop evam parinam: ek samajshastriya adhyayan
250
_a
Barakatullah Vishwav
260
_c
2008
300
_a
176
942
_c
TH
999
_c
10861
_d
10861